[Event "3rd Split Open 2013"]
[Site "Split CRO"]
[Date "2013.08.13"]
[Round "4.15"]
[White "Brinovec,D"]
[Black "Bosiocic,Mari"]
[Result "0-1"]
[WhiteElo "2215"]
[BlackElo "2563"]

1.d4 Nf6 2.c4 e6 3.Nc3 Bb4 4.Qc2 O-O 5.Nf3 c5 6.e3 b6 7.Be2 d5 8.O-O dxc4
9.dxc5 Bxc5 10.Bxc4 Bb7 11.Ng5 Nbd7 12.Bd3 h6 13.Nh7 Re8 14.Nxf6+ Nxf6 15.Bb5 Re7
16.Rd1 Qc7 17.Qe2 a6 18.Ba4 b5 19.Bb3 Bd6 20.h3 Rc8 21.Bd2 Qc6 22.f3 Bb8
23.Be1 Qc7 24.g4 Ba7 25.Bf2 b4 26.Na4 Nd7 27.Rac1 Qxc1 28.Rxc1 Rxc1+ 29.Kg2 Ne5
30.e4 Bxf2 31.Kxf2 Rd7 32.Qe3 Rcc7 33.f4 Nd3+ 34.Kg3 e5 35.fxe5 Nxe5 36.Nc5 Rd6
37.Kh2 Ba8 38.Nxa6 Rxa6 39.Qf4 Re7 40.Qf5 Bb7 41.Qf2 Bxe4 42.Qc5 Raa7 43.Qxb4 Bg6
44.Bd5 Kh7 45.a4 Nd3 46.Qd4 Re2+ 47.Kg3 Rae7 48.a5 R7e3+ 49.Kh4 Nf2 50.Bg2 Bd3  0-1

[Event "28th Schwarzacher Open"]
[Site "Schwarzach AUT"]
[Date "2013.08.17"]
[Round "1.2"]
[White "Egle,S"]
[Black "Palac,M"]
[Result "0-1"]
[WhiteElo "2195"]
[BlackElo "2561"]

1.d4 Nf6 2.c4 e6 3.Nc3 Bb4 4.Qc2 O-O 5.Bg5 c5 6.dxc5 Na6 7.a3 Bxc3+ 8.Qxc3 Nxc5
9.f3 Nfe4 10.Bxd8 Nxc3 11.Be7 Nb3 12.Bxf8 Kxf8 13.Rd1 Nxd1 14.Kxd1 b6 15.Kc2 Na5
16.b3 d5 17.cxd5 exd5 18.e4 dxe4 19.fxe4 Bb7 20.Bd3 Rc8+ 21.Kb2 Rd8 22.Kc3 Nxb3  0-1

[Event "3rd Split Open 2013"]
[Site "Split CRO"]
[Date "2013.08.17"]
[Round "8.13"]
[White "Damia,A"]
[Black "Bilobrk,F"]
[Result "0-1"]
[WhiteElo "2234"]
[BlackElo "2378"]

1.d4 Nf6 2.c4 e6 3.Nc3 Bb4 4.Qc2 O-O 5.a3 Bxc3+ 6.Qxc3 b6 7.Bg5 Bb7 8.Nf3 d6
9.e3 Nbd7 10.Bd3 Qe7 11.Ne5 dxe5 12.dxe5 Qc5 13.Bxf6 gxf6 14.exf6 Qe5 15.Qc2 Nxf6  0-1

[Event "3rd Isthmia Open"]
[Site "Vrachati GRE"]
[Date "2013.08.21"]
[Round "5.16"]
[White "Borsuk,A"]
[Black "Tsolakidou,Stavroula"]
[Result "1/2-1/2"]
[WhiteElo "2220"]
[BlackElo "1986"]

1.d4 Nf6 2.c4 e6 3.Nc3 Bb4 4.Qc2 O-O 5.Nf3 c5 6.a3 cxd4 7.axb4 dxc3 8.bxc3 d5
9.c5 b6 10.cxb6 Qxb6 11.e3 Nbd7 12.Be2 Bb7 13.O-O Rfc8 14.Qb3 Nc5 15.Qa3 Nce4
16.Bb2 Qc7 17.Rac1 Ng4 18.c4 Nd2 19.Rfd1 Nxf3+ 20.Bxf3 Qxh2+ 21.Kf1 Qh4 22.Bxg4 Qxg4
23.f3 Qg3 24.cxd5 Bxd5 25.e4 Bc4+ 26.Kg1 h5 27.Bd4 h4 28.Bf2 Qg5 29.Qe3 Qe7
30.Rd4 Bb5 31.e5 h3 32.gxh3 Rxc1+ 33.Qxc1 Qb7 34.Qe3 Bc6 35.Kg2 Bd5 36.h4 a5
37.bxa5 Rxa5 38.Rg4 Rb5 39.Rg3 Rb3 40.Qf4 Qe7 41.Qg4 f6 42.exf6  1/2-1/2

[Event "74th ch-ARM 1st League"]
[Site "Yerevan ARM"]
[Date "2013.08.22"]
[Round "2.5"]
[White "Harutyunian,T"]
[Black "Hayrapetyan,Ho"]
[Result "1/2-1/2"]
[WhiteElo "2334"]
[BlackElo "2486"]

1.d4 Nf6 2.c4 e6 3.Nc3 Bb4 4.Qc2 O-O 5.a3 Bxc3+ 6.Qxc3 b6 7.Bg5 Bb7 8.f3 d5
9.e3 Nbd7 10.cxd5 exd5 11.Bd3 c5 12.Ne2 h6 13.Bh4 Qe7 14.Bf2 c4 15.Bc2 b5
16.Qa5 a6 17.O-O Nb8 18.Ng3 Nc6 19.Qd2 Bc8 20.h3 b4 21.e4 b3 22.Bb1 Be6 23.Re1 Rae8
24.Ne2 Qd7 25.Nc3 Rd8 26.Rd1 Ne7 27.Bh4 Nh7 28.exd5 Nxd5 29.Bxd8 Rxd8 30.Nxd5 Bxd5
31.Be4 Nf6 32.Bxd5 Nxd5 33.Rac1 Rc8 34.Re1 a5 35.Re4 a4 36.Rce1 Kh7 37.Kh1 Qd6
38.Re5 c3 39.bxc3 Nxc3 40.Re7 Nd5 41.R7e5 Rd8 42.Qa5 Nf4 43.Qxa4 Qg6 44.Rg1 Rb8
45.Re8 Qg3 46.Rxb8 Nxh3 47.Rb1 Nf2+  1/2-1/2

[Event "21st Troya Open 2013"]
[Site "Canakkale TUR"]
[Date "2013.08.23"]
[Round "8.11"]
[White "Hasman,C"]
[Black "Guder,Serkan"]
[Result "0-1"]
[WhiteElo "2152"]
[BlackElo "1789"]

1.d4 Nf6 2.c4 e6 3.Nc3 Bb4 4.Qc2 O-O 5.e4 d6 6.a3 Bxc3+ 7.bxc3 Nbd7 8.Bd3 Qe7
9.Ne2 e5 10.O-O Re8 11.Ng3 Nf8 12.d5 Ng6 13.f3 Nf4 14.Be3 Bd7 15.Qd2 g5 16.Nh1 N6h5
17.Nf2 Kh8 18.g3 Rg8 19.Ng4 Nxd3 20.Qxd3 f6 21.Nh6 Rg6 22.Nf5 Bxf5 23.exf5 Rg7
24.Qe4 Rag8 25.g4 Nf4 26.Bxf4 gxf4 27.Rab1 b6 28.Kf2 Qe8 29.Qc2 Qh5 30.Kg1 Qh3
31.Qg2 Rxg4  0-1

[Event "3rd Isthmia Open"]
[Site "Vrachati GRE"]
[Date "2013.08.25"]
[Round "9.6"]
[White "Papasimakopoulos,Alexandros"]
[Black "Vidit,S"]
[Result "0-1"]
[WhiteElo "2271"]
[BlackElo "2563"]

1.d4 Nf6 2.c4 e6 3.Nc3 Bb4 4.Qc2 O-O 5.a3 Bxc3+ 6.Qxc3 Ne4 7.Qc2 f5 8.Nh3 b6
9.f3 Nf6 10.Bg5 Bb7 11.e3 h6 12.Bh4 d6 13.Be2 Nbd7 14.O-O g5 15.Bf2 Qe7 16.d5 Rae8
17.Bd3 Ne5 18.e4 Nxd3 19.Qxd3 fxe4 20.fxe4 Qh7 21.Rae1 exd5 22.Bd4 dxe4 23.Qb3 Qe7
24.Nf2 Qe6 25.Qc3 Nh5 26.Qe3 Kh7 27.b3 Nf4 28.Ba1 Re7 29.h3 Ref7 30.Ng4 h5
31.Nf2 Qg6 32.Qg3 e3 33.Rxe3 Nxg2 34.Rd3 Nh4 35.Rfd1 Nf3+ 36.Kf1 h4  0-1

[Event "ch-ESP Rapid 2013"]
[Site "Linares ESP"]
[Date "2013.08.27"]
[Round "8.6"]
[White "Narciso Dublan,M"]
[Black "Vazquez Igarza,R"]
[Result "0-1"]
[WhiteElo "2505"]
[BlackElo "2580"]

1.d4 Nf6 2.c4 e6 3.Nc3 Bb4 4.Qc2 O-O 5.a3 Bxc3+ 6.Qxc3 d5 7.e3 b6 8.b4 Nbd7
9.Nf3 Bb7 10.c5 c6 11.Bd3 a5 12.O-O Qc8 13.cxb6 axb4 14.axb4 Nxb6 15.Rxa8 Qxa8
16.Bd2 Ne4 17.Bxe4 dxe4 18.Ra1 Na4 19.Qb3 exf3 20.Rxa4 Qd8 21.gxf3 Qg5+ 22.Kf1 Ba6+
23.Rxa6 Qb5+ 24.Kg2 Qxa6 25.e4 Qb5 26.Bf4 h6 27.Qa3 Rd8 28.Qc3 Ra8 29.Qc5 Ra1
30.Qxb5 cxb5 31.Bd6 Rd1 32.Bc5 f5 33.Kg3 g5 34.h4 Kf7 35.hxg5 hxg5 36.Kg2 Re1
37.exf5 exf5 38.d5 Rd1 39.d6 Ke6 40.f4 g4 41.Kg3 Rh1 42.Kg2 Rh3 43.Kf1 Rf3
44.Kg2 Rxf4 45.Kg3 Rc4  0-1

[Event "ch-ESP Rapid 2013"]
[Site "Linares ESP"]
[Date "2013.08.27"]
[Round "8.7"]
[White "Moreno Trujillo,A"]
[Black "Arizmendi Martinez,J"]
[Result "0-1"]
[WhiteElo "2533"]
[BlackElo "2577"]

1.d4 Nf6 2.c4 e6 3.Nc3 Bb4 4.Qc2 O-O 5.a3 Bxc3+ 6.Qxc3 d6 7.Bg5 Nbd7 8.e3 b6
9.Ne2 Ba6 10.b4 c5 11.dxc5 bxc5 12.Rd1 Qc7 13.Bxf6 Nxf6 14.b5 Ne4 15.Qc2 Qa5+
16.Rd2 Bb7 17.f3 Nxd2 18.Qxd2 Qxa3 19.Kf2 d5 20.Nf4 Rfd8 21.Qc2 a6 22.Bd3 axb5
23.Rb1 Qa4 24.Bxh7+ Kh8 25.Rxb5 Qxc2+ 26.Bxc2 Ra2 27.Rxb7 Rxc2+ 28.Kg3 d4
29.exd4 cxd4 30.Nd3 f6 31.Kf4 Rxc4 32.Rb2 Rc3 33.Rd2 Rdc8 34.Rd1 Rc2 35.g4 Re2
36.h4 Rc3 37.g5 Kh7 38.h5 Re3 39.Ne1 Rc5 40.g6+ Kh6 41.Ng2 Rf5+  0-1

[Event "20th Graz Open 2013"]
[Site "Graz AUT"]
[Date "2013.08.28"]
[Round "5.3"]
[White "Schnider,G"]
[Black "Wegerer,F"]
[Result "1-0"]
[WhiteElo "2369"]
[BlackElo "2197"]

1.d4 Nf6 2.c4 e6 3.Nc3 Bb4 4.Qc2 O-O 5.a3 Bxc3+ 6.Qxc3 d5 7.cxd5 Ne4 8.Qc2 exd5
9.Bf4 Nc6 10.e3 Re8 11.Nf3 Bf5 12.Bd3 Rc8 13.O-O f6 14.Nh4 Be6 15.f3 f5 16.fxe4 fxe4
17.Bb5 Qxh4 18.Bxc6 bxc6 19.Qxc6 Qe7 20.Rac1 Rf8 21.b4 Rf7 22.Rf2 g5 23.Bxg5 Qd7
24.Rxf7 Qxf7 25.Bf4 Qg6 26.h3 h5 27.Kh1 Rf8 28.b5  1-0

[Event "Petersburg Summer Blitz 2013"]
[Site "St Petersburg RUS"]
[Date "2013.08.28"]
[Round "13.1"]
[White "Rozum,I"]
[Black "Gordievsky,D"]
[Result "1-0"]
[WhiteElo "2525"]
[BlackElo "2455"]

1.d4 Nf6 2.c4 e6 3.Nc3 Bb4 4.Qc2 O-O 5.Nf3 d6 6.e4 Bxc3+ 7.bxc3 e5 8.Bd3 b6
9.O-O Nbd7 10.Nd2 Bb7 11.Re1 Re8 12.f3 Nf8 13.Nf1 Ne6 14.Be3 a5 15.Kh1 Qe7
16.Ng3 g6 17.Qd2 h5 18.d5 Nc5 19.Bg5 Ncd7 20.Bc2 Ba6 21.Ba4 Qf8 22.Nf5 Kh7
23.Bh6 Qg8 24.Bg7 Qxg7 25.Nxg7 Kxg7 26.c5 bxc5 27.Rab1 Red8 28.Bb5 Nb6 29.Qe2 c4
30.Bxa6 Rxa6 31.Qb2 Nfd7 32.Qb5 Rda8 33.Rf1 Nc5 34.Qb2 Nd3 35.Qe2 R6a7 36.Qe3 Na4
37.Qd2 Nac5 38.g3 Re8 39.Rb5 a4 40.Rfb1 Raa8 41.h4 Red8 42.Kg2 Re8 43.Qe2 Red8
44.Qc2 Re8 45.R5b4 Nxb4 46.cxb4 Nd7 47.Qxc4 Rec8 48.Qc6 Nb6 49.Rc1 Ra7 50.Qb5 Kf6
51.Rc6 Kg7 52.Qd3 Rb7 53.Qc2 Kh7 54.a3 Kg7 55.f4 exf4 56.gxf4 Kh7 57.Qc3 Re8
58.Rxc7 Rxc7 59.Qxc7  1-0

[Event "15th Sants Open 2013"]
[Site "Barcelona ESP"]
[Date "2013.08.30"]
[Round "8.4"]
[White "Gustafsson,J"]
[Black "Cruz,Cr"]
[Result "1-0"]
[WhiteElo "2619"]
[BlackElo "2498"]

1.d4 e6 2.c4 Nf6 3.Nc3 Bb4 4.Qc2 O-O 5.Nf3 c5 6.dxc5 Bxc5 7.Bf4 b6 8.e3 Bb7
9.Be2 Be7 10.h3 Na6 11.O-O d5 12.Rfd1 Qc8 13.Rac1 dxc4 14.Nb5 Nb4 15.Qxc4 Qxc4
16.Bxc4 a6 17.Nc7 Rac8 18.Nxe6 Rxc4 19.Rxc4 fxe6 20.Bd6 Bxd6 21.Rxd6 a5 22.a3 Bd5
23.Rd4 Nc2 24.Rd1 b5 25.Rc1 Bb3 26.Nd2 a4 27.Rd3 Nxa3 28.bxa3 Bd5 29.Rd4 e5
30.Rb4 Rd8 31.Rxb5  1-0

[Event "15th Sants Open 2013"]
[Site "Barcelona ESP"]
[Date "2013.08.30"]
[Round "8.3"]
[White "Hambleton,A"]
[Black "Filippov,An UZB"]
[Result "0-1"]
[WhiteElo "2500"]
[BlackElo "2630"]

1.d4 Nf6 2.c4 e6 3.Nc3 Bb4 4.Qc2 O-O 5.a3 Bxc3+ 6.Qxc3 b6 7.Bg5 c5 8.dxc5 bxc5
9.e3 d6 10.Bd3 Nbd7 11.Ne2 Rb8 12.O-O Qb6 13.Rab1 Bb7 14.f3 Rfe8 15.Rfd1 d5
16.Bc2 Ba6 17.b3 e5 18.Qe1 d4 19.e4 Nf8 20.Bd3 Qe6 21.Rdc1 Rec8 22.Rc2 Ne8
23.f4 f6 24.f5 Qc6 25.Bd2 Nd6 26.Ng3 Qe8 27.Qe2 Qf7 28.Be1 g6 29.Qf1 Rc6
30.fxg6 hxg6 31.Rf2 Kg7 32.Bd2 Rcb6 33.h4 Rxb3 34.Rxb3 Rxb3 35.Bh6+ Kxh6
36.Rxf6 Qe7 37.Qc1+ Kh7 38.Rf3 Ne6 39.Nf5 Nxf5 40.exf5 Nf4  0-1

[Event "Petersburg Summer Rapid 2013"]
[Site "St Petersburg RUS"]
[Date "2013.09.01"]
[Round "9.4"]
[White "Kryakvin,D"]
[Black "Alekseev,Evgeny"]
[Result "0-1"]
[WhiteElo "2573"]
[BlackElo "2710"]

1.d4 Nf6 2.c4 e6 3.Nc3 Bb4 4.Qc2 O-O 5.a3 Bxc3+ 6.Qxc3 b6 7.Bg5 Bb7 8.Nf3 d6
9.e3 Nbd7 10.Nd2 Rc8 11.b4 Re8 12.Bd3 h6 13.Bxf6 Qxf6 14.O-O c5 15.Rac1 cxd4
16.Qxd4 Red8 17.Be4 d5 18.Qxf6 Nxf6 19.Bf3 Ba6 20.b5 dxc4 21.bxa6 Rxd2 22.Rfd1 Rxd1+
23.Rxd1 c3 24.Kf1 c2 25.Rc1 Rc3 26.Bb7 Nd7 27.Ke2 Nc5 28.Kd2 Rxa3 29.Kxc2 g6
30.Kb2 Ra5 31.Rd1 Nxa6 32.Rd8+ Kg7 33.f4 Nb4 34.Rd7 Nd5 35.Bxd5 Rxd5 36.Rxa7 Rd2+
37.Kc3 Rxg2 38.Rb7 Rxh2 39.Rxb6 g5 40.fxg5 hxg5 41.Kd4 Rf2 42.e4 Rf3 43.e5 Kg6
44.Rb7 Rf1 45.Ra7 g4 46.Ra8 Kg5 47.Rg8+ Kh4 48.Ke4 Kh3 49.Rg7 g3 50.Rh7+ Kg2
51.Rg7 Kh2 52.Rh7+ Kg1 53.Ke3 g2  0-1

[Event "12th Kesarovski Mem"]
[Site "Sunny Beach BUL"]
[Date "2013.09.01"]
[Round "2.4"]
[White "Enchev,I"]
[Black "Pantev,V"]
[Result "1-0"]
[WhiteElo "2450"]
[BlackElo "2408"]

1.d4 Nf6 2.c4 e6 3.Nc3 Bb4 4.Qc2 O-O 5.a3 Bxc3+ 6.Qxc3 Qe8 7.f3 d5 8.Bg5 Nbd7
9.e3 h6 10.Bh4 b6 11.cxd5 Nxd5 12.Qd2 Bb7 13.e4 N5f6 14.Rc1 Rc8 15.Ne2 c5
16.Bxf6 Nxf6 17.dxc5 bxc5 18.Qa5 Qc6 19.Nc3 Qb6 20.Qxb6 axb6 21.Bb5 Bc6 22.Ke2 Bxb5+
23.Nxb5 Rfd8 24.Rhd1 Kf8 25.Nd6 Rb8 26.Nc4 Rxd1 27.Rxd1 Ke7 28.Ne5 Rc8 29.a4 Rc7
30.Kd3 Nd7 31.Nc4 Ra7 32.Kc3 f6 33.b3 Rb7 34.f4 g5 35.f5 Rb8 36.Rd6 exf5
37.exf5 b5 38.Re6+ Kd8 39.axb5 Rxb5 40.Nd6 Rb4 41.Ne4 Kc7 42.Nxc5 Rh4 43.Nxd7 Kxd7
44.h3 Rf4 45.Rxf6 h5 46.Rh6 h4 47.Rg6 Rxf5 48.b4 Kc7 49.Kc4 Kb7 50.b5 Re5
51.Kb4 Re2 52.Rxg5 Rf2 53.Kc5 Rc2+ 54.Kd4 Kb6 55.Ke4 Rf2 56.Ke3 Rf8 57.Rh5 Rg8
58.Kf2 Rg7 59.Rxh4 Kxb5 60.Rd4  1-0

[Event "TCh-SRB 1st League w 2013"]
[Site "Kragujevac SRB"]
[Date "2013.09.03"]
[Round "11.5"]
[White "Vojinovic,J"]
[Black "Maksimovic,S"]
[Result "1-0"]
[WhiteElo "2376"]
[BlackElo "2182"]

1.d4 Nf6 2.c4 e6 3.Nc3 Bb4 4.Qc2 O-O 5.a3 Bxc3+ 6.Qxc3 d6 7.Nf3 b6 8.Bg5 Bb7
9.Qc2 Nbd7 10.Rd1 Qe7 11.e3 h6 12.Bh4 g5 13.Bg3 Ne4 14.Nd2 f5 15.Nxe4 Bxe4
16.Qd2 e5 17.f3 Bb7 18.Be2 Rae8 19.dxe5 Nxe5 20.O-O Ng6 21.Bf2 f4 22.Qc2 Ne5
23.exf4 gxf4 24.Rfe1 Qg5 25.Kh1 Re7 26.c5 dxc5 27.Bxc5 Rg7 28.Rg1 Re8 29.Bd4 c5
30.Bc3 Rg6 31.Bxe5 Rxe5 32.Rd2 Kf7 33.Rd7+ Re7 34.Bc4+ Ke8 35.Rxb7 Rxb7 36.Qe4+ Re7
37.Qa8+ Kd7 38.Rd1+ Rd6 39.Qb7+  1-0

[Event "ch-POR 2013"]
[Site "Lisbon POR"]
[Date "2013.09.07"]
[Round "6.4"]
[White "Reis,Luis So"]
[Black "Dias,P"]
[Result "1-0"]
[WhiteElo "2257"]
[BlackElo "2408"]

1.d4 Nf6 2.c4 e6 3.Nc3 Bb4 4.Qc2 O-O 5.Nf3 d5 6.Bg5 Nbd7 7.e3 c5 8.cxd5 exd5
9.O-O-O Qa5 10.Nd2 c4 11.Be2 b5 12.f3 Bb7 13.e4 Bxc3 14.bxc3 dxe4 15.fxe4 b4
16.Bf4 Nxe4 17.Nxe4 Bxe4 18.Qxe4 Rfe8 19.Qc2 Qa3+ 20.Kb1 b3 21.axb3 cxb3
22.Qb2 Qxb2+ 23.Kxb2 Rxe2+ 24.Rd2 Re4 25.Rf1 f6 26.Kxb3 g5 27.Bg3 Rc8 28.Re1 Rxe1
29.Bxe1 Re8 30.Bf2 Rb8+ 31.Kc4 Nb6+ 32.Kd3 Nd5 33.Bg3 Re8 34.Kc4 Ne3+ 35.Kb5 f5
36.Be5 Rc8 37.d5 Nc4 38.Re2 a6+ 39.Kb4 a5+ 40.Kb5 Nxe5 41.Rxe5 Rxc3 42.Rxf5 h6
43.d6 Rd3 44.Kc6 Rc3+ 45.Rc5 Rd3 46.Rd5 Rb3 47.d7  1-0

[Event "10th LGA Premium Cup GpB"]
[Site "Nuernberg GER"]
[Date "2013.09.07"]
[Round "5.2"]
[White "Braun,A"]
[Black "Gabriel,Ch"]
[Result "0-1"]
[WhiteElo "2570"]
[BlackElo "2495"]

1.c4 Nf6 2.d4 e6 3.Nc3 Bb4 4.Qc2 O-O 5.a3 Bxc3+ 6.Qxc3 b6 7.Bg5 h6 8.Bh4 Bb7
9.e3 c5 10.dxc5 bxc5 11.Nf3 g5 12.Bg3 Ne4 13.Qc2 f5 14.O-O-O Nc6 15.Nd2 Nxg3
16.hxg3 Rf6 17.g4 Ne5 18.gxf5 exf5 19.f4 Ng4 20.fxg5 hxg5 21.Re1 Qe8 22.Be2 Nf2
23.Qc3 Qg6 24.Rh2 g4 25.g3 Nh3 26.e4 Re8 27.Rf1 Rf7 28.Qa5 Qd6 29.Qc3 Bxe4
30.Nxe4 Rxe4 31.Bf3 Qh6+ 32.Kb1 Re3 33.Qd2 gxf3 34.Rxf3 f4 35.Rxf4 Qg6+ 36.Ka2 Rd3
37.Rg4 Rxa3+ 38.bxa3 Qxg4 39.Qd5 d6 40.Rb2 Kg7  0-1

[Event "Satka Autumn 2013"]
[Site "Satka RUS"]
[Date "2013.09.10"]
[Round "8"]
[White "Shaydullina,S"]
[Black "Kostitsina,L"]
[Result "1-0"]
[WhiteElo "2128"]
[BlackElo "2059"]

1.d4 Nf6 2.c4 e6 3.Nc3 Bb4 4.Qc2 O-O 5.a3 Bxc3+ 6.Qxc3 Ne4 7.Qc2 f5 8.Nh3 d6
9.f3 Nf6 10.e3 e5 11.dxe5 dxe5 12.Bd2 Nc6 13.O-O-O Qe7 14.Bc3 a5 15.Kb1 Kh8
16.Nf2 Be6 17.Bd3 Nd7 18.e4 f4 19.Qe2 Nc5 20.Bc2 Qf7 21.Ng4 Bxc4 22.Qf2 Qe7
23.Rd5 Bxd5 24.exd5 Nd4 25.Nxe5 Nxc2 26.Qxc2 Qg5 27.Bd4 b6 28.g4 Rae8 29.h4 Qf6
30.Bxc5 Qxe5 31.Bxf8 Rxf8 32.Rd1 h6 33.Qc4 Rd8 34.Rd4 b5 35.Qd3 Kg8 36.h5 b4
37.axb4 axb4 38.Qe4 Qd6 39.Rxb4 Kh8 40.Rc4 Rb8 41.Rc6 Qf8 42.Qe5 Re8 43.Rxh6+ Kg8
44.Re6 Rd8 45.h6 gxh6 46.Re7 Rb8 47.g5 h5 48.Qe4  1-0

[Event "Gaprindashvili Cup"]
[Site "Tbilisi GEO"]
[Date "2013.09.17"]
[Round "9.4"]
[White "Lomineishvili,M"]
[Black "Quparadze,G"]
[Result "0-1"]
[WhiteElo "2362"]
[BlackElo "2503"]

1.d4 Nf6 2.c4 e6 3.Nc3 Bb4 4.Qc2 O-O 5.e4 d5 6.e5 Ne4 7.Bd3 c5 8.Nf3 cxd4
9.Nxd4 Nd7 10.Bf4 Qh4 11.g3 Qh5 12.O-O g5 13.cxd5 gxf4 14.Nxe4 Qxe5 15.dxe6 Qxd4
16.exd7 Bxd7 17.Rfd1 Bc6 18.a3 Ba5 19.Nd6 Qg7 20.Be4 Bb6 21.Bxc6 bxc6 22.Nf5 Qe5
23.Re1 Qf6 24.Rad1 Rae8 25.Rxe8 Rxe8 26.Rd6 f3 27.h4 Qe5 28.Kh2 Bxf2 29.Qxc6 Bg1+
30.Kh1 f2 31.Qf3 Kf8 32.Rd7 Qe6 33.Rxa7 f1=Q 34.Rxf7+ Qxf7 35.Qxf1 Bd4 36.Qb5 Bg7
37.g4 Qe6  0-1

[Event "TCh-CRO w Liga 2013"]
[Site "Bol CRO"]
[Date "2013.09.18"]
[Round "5.3"]
[White "Macek,V"]
[Black "Solic,K"]
[Result "0-1"]
[WhiteElo "2161"]
[BlackElo "2238"]

1.d4 Nf6 2.c4 e6 3.Nc3 Bb4 4.Qc2 O-O 5.Nf3 d5 6.e3 b6 7.a3 Bxc3+ 8.bxc3 Ba6
9.cxd5 Bxf1 10.Kxf1 exd5 11.c4 Nc6 12.Bd2 Ne7 13.cxd5 Qxd5 14.Rc1 Ne4 15.Qc4 Qf5
16.Qe2 Nd5 17.Be1 Rfe8 18.Kg1 c5 19.dxc5 bxc5 20.h4 Rab8 21.Qc2 h6 22.Nd2 Ndf6
23.Nxe4 Qxe4 24.Qxe4 Rxe4 25.Rxc5 Rb1 26.Kf1 Ra4 27.Rc3 Ne4 28.Rd3 Rc4 29.Ke2 Rc2+
30.Kf3 f5 31.g4 Nxf2 32.Rd8+ Kh7 33.Rf1 Nxg4 34.Kf4 Re2  0-1

[Event "TCh-NOR Club 2013"]
[Site "Fagernes NOR"]
[Date "2013.09.29"]
[Round "5.2"]
[White "Johannessen,LE"]
[Black "Holm,Kristian Stuvik"]
[Result "1-0"]
[WhiteElo "2519"]
[BlackElo "2282"]

1.d4 Nf6 2.c4 e6 3.Nc3 Bb4 4.Qc2 O-O 5.e4 d6 6.a3 Bxc3+ 7.bxc3 e5 8.Bd3 Nc6
9.Ne2 Nd7 10.O-O b6 11.f4 Ba6 12.Rf3 Na5 13.Ng3 Bxc4 14.fxe5 Bxd3 15.Rxd3 dxe5
16.Nf5 Kh8 17.Rh3 Nc4 18.Qe2 Nd6 19.Nxg7 Kxg7 20.Qh5 Nf6 21.Qh6+ Kh8 22.Bg5 Ndxe4
23.Bxf6+ Nxf6 24.dxe5 Rg8 25.exf6 Rxg2+ 26.Kxg2 Qd5+ 27.Rf3 Rg8+ 28.Kf2 Qc5+
29.Qe3  1-0

[Event "Oslo Int Open 2013"]
[Site "Oslo NOR"]
[Date "2013.09.29"]
[Round "5"]
[White "Johannessen,LE"]
[Black "Istratescu,A"]
[Result "1-0"]
[WhiteElo "2519"]
[BlackElo "2646"]

1.d4 e6 2.c4 Nf6 3.Nc3 Bb4 4.Qc2 O-O 5.e4 d5 6.e5 Ne4 7.Bd3 c5 8.Nf3 Nc6
9.O-O Bxc3 10.bxc3 cxd4 11.Bxe4 dxe4 12.Qxe4 dxc3 13.Ng5 g6 14.Qh4 h5 15.Ba3 Nxe5
16.Rad1 Bd7 17.Bxf8 Qxf8 18.Qd4 f6 19.f4 Ba4 20.fxe5 Bxd1 21.exf6 c2 22.f7+  1-0

[Event "Oslo Int Open 2013"]
[Site "Oslo NOR"]
[Date "2013.09.29"]
[Round "7"]
[White "Elsness,F"]
[Black "Hauge,Lars Oskar"]
[Result "1-0"]
[WhiteElo "2505"]
[BlackElo "2282"]

1.d4 Nf6 2.c4 e6 3.Nc3 Bb4 4.Qc2 O-O 5.a3 Bxc3+ 6.Qxc3 d5 7.Nf3 dxc4 8.Qxc4 b6
9.Bg5 Ba6 10.Qa4 Qd7 11.Qc2 c5 12.dxc5 Rc8 13.Bxf6 gxf6 14.Rd1 Qc6 15.e3 Bxf1
16.Rxf1 Nd7 17.Nd4 Qxg2 18.c6 Ne5 19.Rc1 Ng4 20.Ke2 Qxh2 21.c7 Qe5 22.Qc6 f5
23.Rc2 f4 24.Nf3 Qh5 25.Rg1 Kh8 26.exf4 h6 27.Qc3+ f6 28.Rd2 Qf5 29.Rd8+ Kg7
30.Rd7+ Kg8 31.Rxg4+ Qxg4 32.Qxf6 Rf8 33.Qxh6 Rf7 34.Rd8+  1-0

[Event "St Petersburg Rapid Cup 2013"]
[Site "St Petersburg RUS"]
[Date "2013.09.29"]
[Round "3.2"]
[White "Yemelin,V"]
[Black "Matlakov,M"]
[Result "0-1"]
[WhiteElo "2559"]
[BlackElo "2676"]

1.d4 Nf6 2.c4 e6 3.Nc3 Bb4 4.Qc2 O-O 5.a3 Bxc3+ 6.Qxc3 d6 7.Bg5 Nbd7 8.Nf3 b6
9.Nd2 Bb7 10.f3 h6 11.Bh4 d5 12.cxd5 Nxd5 13.Bxd8 Nxc3 14.Bh4 Nd5 15.Bf2 f5
16.e3 c5 17.Bb5 cxd4 18.exd4 N7f6 19.O-O Rac8 20.Rfc1 Rxc1+ 21.Rxc1 Rc8 22.Rxc8+ Bxc8
23.Nc4 a6 24.Bc6 Bd7 25.Bb7 a5 26.Bg3 f4 27.Be1 Kf8 28.Ne5 Be8 29.Bd2 g5
30.Kf2 Ke7 31.g3 fxg3+ 32.hxg3 Kd6 33.g4 Kc7 34.Ba6 Kd6 35.Kg3 Ne7 36.Bd3 Nc6
37.Nxc6 Bxc6 38.Bc4 Bd5 39.Bb5 Bc6 40.Bc4 Bd5 41.Be2 Bb7 42.Kf2 Nd5 43.Kg3 Nf6
44.Bc1 Bc6 45.Bc4 Bd5 46.Bd3 Bc6 47.f4 Ne4+ 48.Bxe4 Bxe4 49.fxg5 hxg5 50.Bxg5 a4
51.Kf4 Bc2 52.Bh4 b5 53.Be1 Ke7 54.Ke5 Kf7 55.Kd6 Bb3 56.Bd2  0-1

[Event "23rd EYCC Open U18 2013"]
[Site "Budva MNE"]
[Date "2013.10.02"]
[Round "4.11"]
[White "Maatman,Nick"]
[Black "Studer,N"]
[Result "0-1"]
[WhiteElo "2236"]
[BlackElo "2341"]

1.d4 Nf6 2.c4 e6 3.Nc3 Bb4 4.Qc2 O-O 5.Nf3 d5 6.cxd5 exd5 7.Bg5 c6 8.e3 Nbd7
9.Bd3 h6 10.Bh4 Re8 11.O-O g5 12.Bg3 Nh5 13.e4 Nxg3 14.hxg3 dxe4 15.Nxe4 Nf6
16.Rad1 Nxe4 17.Bxe4 Bf8 18.Rfe1 Bg7  0-1

[Event "23rd EYCC Open U16 2013"]
[Site "Budva MNE"]
[Date "2013.10.03"]
[Round "5.10"]
[White "Stremavicius,T"]
[Black "Kumsiashvili,N"]
[Result "1-0"]
[WhiteElo "2288"]
[BlackElo "2130"]

1.d4 Nf6 2.c4 e6 3.Nc3 Bb4 4.Qc2 O-O 5.Nf3 c5 6.a3 Bxc3+ 7.Qxc3 cxd4 8.Nxd4 d5
9.e3 Re8 10.Nf3 Nc6 11.cxd5 Nxd5 12.Qc2 e5 13.Bd3 g6 14.Bd2 Bg4 15.h3 Bxf3
16.gxf3 Rc8 17.Qb3 Na5 18.Qb5 b6 19.Bxa5 bxa5 20.Rd1 Rb8 21.Qc5 Rxb2 22.Bxg6 hxg6
23.Qxd5 Qh4 24.Rh2 Qf6 25.Rg2 Kg7 26.Kf1 Rh8 27.Rg3 Rc8 28.Kg1 Rcc2 29.Rf1 Rd2
30.Qxa5 Qd6 31.Rg5 f6 32.Qxa7+ Kh6 33.Rg2 Rd1 34.Rxd1 Qxd1+ 35.Kh2 Rb1 36.Qa8 Qh1+
37.Kg3 Rg1 38.Qh8+  1-0

[Event "3rd Holuj-Radzikowska Mem"]
[Site "Wroclaw POL"]
[Date "2013.10.05"]
[Round "8.3"]
[White "Atalik,E"]
[Black "Mkrtchian,L"]
[Result "1/2-1/2"]
[WhiteElo "2433"]
[BlackElo "2469"]

1.d4 Nf6 2.c4 e6 3.Nc3 Bb4 4.Qc2 O-O 5.a3 Bxc3+ 6.Qxc3 d5 7.Bg5 dxc4 8.Qxc4 b6
9.Nf3 Ba6 10.Qc2 Nbd7 11.Rd1 Qc8 12.g3 c5 13.Bg2 Bb7 14.Bxf6 Nxf6 15.dxc5 Be4
16.Qc3 Qxc5 17.Qxc5 bxc5 18.O-O Rfd8 19.Rxd8+ Rxd8 20.Rc1 Rd5 21.h3 Nd7 22.Ne1 Bxg2
23.Kxg2 Rd2 24.Nd3 f6 25.Kf3 Ne5+ 26.Nxe5 fxe5 27.Rxc5 Rxb2 28.Rc8+ Kf7 29.Rc7+ Kf6
30.Rxa7 e4+ 31.Ke3 h5 32.h4 g6 33.Kxe4 Rxe2+ 34.Kf3 Ra2 35.a4 Ra3+ 36.Ke4 Ra2
37.Ra8 Kf7 38.Kf3 Kf6 39.a5 Ke5 40.a6 Ra3+ 41.Kg2 Kf6 42.a7 Kg7 43.f4 Ra2+
44.Kf3 Ra4 45.Ke3 Kh7 46.Kd3 Kg7 47.Kc3 Kh7 48.Kb3 Ra1 49.Kb4 Kg7 50.Kb5 Ra2
51.Kb6 Rb2+ 52.Kc6 Ra2 53.Kd6 Ra6+ 54.Ke7 Ra1 55.Kxe6 Ra6+ 56.Kd5 Ra5+ 57.Kc6 Ra1
58.f5 gxf5 59.Kd6 Ra6+ 60.Ke5 Ra4 61.Kxf5 Ra5+ 62.Ke4 Ra4+ 63.Kd5 Ra1 64.Kc6 Rc1+
65.Kd6 Rd1+ 66.Ke6 Re1+ 67.Kf5 Ra1 68.Re8 Rxa7 69.Kg5 Ra5+ 70.Kf4 Ra4+ 71.Re4 Ra3
72.Rc4 Kg6 73.Rc6+ Kg7 74.Kg5 Rxg3+ 75.Kxh5 Ra3 76.Rc7+  1/2-1/2

[Event "23rd EYCC Open U18 2013"]
[Site "Budva MNE"]
[Date "2013.10.06"]
[Round "7.23"]
[White "Radovanovic,Nik"]
[Black "Silva,Luis"]
[Result "1/2-1/2"]
[WhiteElo "2274"]
[BlackElo "2281"]

1.d4 Nf6 2.c4 e6 3.Nc3 Bb4 4.Qc2 O-O 5.a3 Bxc3+ 6.Qxc3 b6 7.Bg5 Bb7 8.f3 d6
9.e4 c5 10.d5 Nbd7 11.Nh3 exd5 12.exd5 Re8+ 13.Kf2 h6 14.Bf4 b5 15.b3 Qb6
16.Be2 Re7 17.Rhe1 Rae8 18.Kf1 Ba6 19.Bd3 Ne5 20.Bxe5 Rxe5 21.Rxe5 Rxe5 22.a4 b4
23.Qc2 Qd8 24.Re1 Qe7 25.Re2 Bc8 26.Nf2 Kf8 27.Qb2 Rxe2 28.Qxe2 Ne8 29.Qxe7+ Kxe7
30.Ke2 g5 31.g3 Ng7 32.g4 f5 33.Ke3 Kf6 34.Bc2 Bd7 35.Bd3 h5 36.h3 hxg4 37.hxg4 Ke5
38.Bc2 Kf6 39.Bd3 Ke5 40.Bc2 Kf6  1/2-1/2

[Event "Tatry Open 2013"]
[Site "Tatranske Zruby SVK"]
[Date "2013.10.06"]
[Round "9.18"]
[White "Matras,On"]
[Black "Pcola,J"]
[Result "0-1"]
[WhiteElo "2261"]
[BlackElo "2102"]

1.d4 Nf6 2.c4 e6 3.Nc3 Bb4 4.Qc2 O-O 5.Bg5 c5 6.dxc5 Na6 7.a3 Bxc3+ 8.Qxc3 Nxc5
9.Bxf6 Qxf6 10.Qxf6 gxf6 11.b4 Na4 12.e3 b6 13.Nf3 Ba6 14.Nd4 Rfc8 15.b5 Bb7
16.Kd2 Nc5 17.Rb1 Ne4+ 18.Kd1 Rc7 19.Rb4 Rac8 20.Nb3 d5 21.Nd2 Nd6 22.cxd5 Rc1+
23.Ke2 Bxd5 24.e4 Bc4+ 25.Kf3 Bxb5 26.Rd4 R8c3+ 27.Kg4 f5+ 28.Kh5 Nxe4 29.Kh6 Rc8
30.Nxe4 fxe4  0-1

[Event "23rd EYCC Open U18 2013"]
[Site "Budva MNE"]
[Date "2013.10.08"]
[Round "9.28"]
[White "Radovanovic,Nik"]
[Black "Ramsdal,Jens Albert"]
[Result "1-0"]
[WhiteElo "2274"]
[BlackElo "2045"]

1.d4 Nf6 2.c4 e6 3.Nc3 Bb4 4.Qc2 O-O 5.a3 Bxc3+ 6.Qxc3 d5 7.Nf3 dxc4 8.Qxc4 b6
9.Bg5 Ba6 10.Qa4 c5 11.Rd1 cxd4 12.Rxd4 Qc7 13.g3 Nfd7 14.Bg2 Nc5 15.Qd1 Nc6
16.Rd2 f6 17.Be3 Rad8 18.O-O Ne5 19.Rxd8 Rxd8 20.Qc2 Qd6 21.Nxe5 Qxe5 22.b4 Nd7
23.Bf4 Qb5 24.a4 Qc4 25.Qd2 Qxe2 26.Qd6 Qd3 27.Qxe6+ Kh8 28.b5 Bc8 29.Qe7 Nc5
30.Qxa7 h5 31.Qxb6 Nxa4 32.Qc7 Nc3 33.b6 Ne2+ 34.Kh1 Nxf4 35.Qxf4 Bb7 36.f3 Rd6
37.Qb4 Kh7 38.Qb1 Qg6 39.Qxg6+ Kxg6 40.Rb1 Rd2 41.Kg1 Kh6 42.Bh1 Kg6 43.f4 Rd7
44.Bxb7 Rxb7 45.Kf2 Kf5 46.Kf3 Ke6 47.Ke4 f5+ 48.Kd4 Kd6 49.Rb3 g6 50.h4 Rd7
51.b7 Kc7+ 52.Ke5 Kb8 53.Rb6 Rd3 54.Rxg6 Kxb7 55.Kxf5 Kc7 56.Rg5 Kd7 57.Kg6  1-0